000 00934 a2200253 4500
003 OSt
005 20180116192328.0
008 120419t xxu||||| |||| 00| 0 eng d
010 _a 2003021736
020 _a0415300118 (hardcover : alk. paper)
020 _a0415300126 (pbk. : alk. paper)
035 _a(OCoLC)ocm53144738
040 _c0
082 0 0 _a720.3
100 1 _aPorter, Tom.
_9860
245 1 0 _aArchispeak :
_ban illustrated guide to architectural terms /
_cTom Porter ; with contributions by Steve Bowkett ... [et al.].
260 _aLondon ;
_aNew York :
_bTaylor & Francis,
_c2004.
300 _axvii, 218 p. :
_bill. ;
_c23 cm.
650 0 _aArchitecture
_9861
650 0 _aArchitectural design
_9862
856 4 2 _3Publisher description
_uhttp://www.loc.gov/catdir/enhancements/fy0650/2003021736-d.html
942 _aSADA
_cBK
_k720.3 POR 2004
_2ddc
999 _c352263
_d352263